header

The Quality of primary schools in different development contexts (Record no. 264473)

MARC details
000 -LEADER
fixed length control field 00479nam a22001697a 4500
003 - CONTROL NUMBER IDENTIFIER
control field OSt
005 - DATE AND TIME OF LATEST TRANSACTION
control field 20240906115239.0
008 - FIXED-LENGTH DATA ELEMENTS--GENERAL INFORMATION
fixed length control field 240906b xxu||||| |||| 00| 0 eng d
020 ## - INTERNATIONAL STANDARD BOOK NUMBER
International Standard Book Number 9280311599
040 ## - CATALOGING SOURCE
Transcribing agency RU
050 ## - LIBRARY OF CONGRESS CALL NUMBER
Classification number LB2822.75
Item number .C37 1996
110 ## - MAIN ENTRY--CORPORATE NAME
Corporate name or jurisdiction name as entry element UNESCO IIEP
245 ## - TITLE STATEMENT
Title The Quality of primary schools in different development contexts
Statement of responsibility, etc Carron, Gabriel ; Ta Ngoc Châu
260 ## - PUBLICATION, DISTRIBUTION, ETC. (IMPRINT)
Place of publication, distribution, etc Paris, France
Name of publisher, distributor, etc UNESCO IIEP
Date of publication, distribution, etc 1996
300 ## - PHYSICAL DESCRIPTION
Extent 306 p.
942 ## - ADDED ENTRY ELEMENTS (KOHA)
Source of classification or shelving scheme Library of Congress Classification
Koha item type Research and Special Collections
Holdings
Withdrawn status Lost status Source of classification or shelving scheme Damaged status Not for loan Collection code Home library Current library Shelving location Date acquired Total Checkouts Full call number Barcode Date last seen Price effective from Koha item type
    Library of Congress Classification     Non-fiction Rongo University Library Rongo University Library General Stacks 06/09/2024   LB2822.75 .C37 1996 202401165 06/09/2024 06/09/2024 Research and Special Collections

© 2026 Rongo University
Contact us: librarian | system librarian | Rongo university